000 00537nam a2200169 a 4500
005 20241023063851.0
008 991125s1970 mx 000 0 spa u
035 _aUPN01000026340
049 _aCG
050 4 _aQA11
_bT4.18 no.13
245 0 0 _aGráficas, relaciones y funciones /
_cNational Council of Teachers of Mathematics ; tr. Federico Velasco Coba.
260 _aMéxico :
_bTrillas,
_c1970.
300 _a109 p.
440 0 _aTemas de matemáticas.
_pCuaderno ;
_v13
650 4 _aAritmética
_xFundamentos
_97858
905 _aLibro
999 _c26340
_d26340